Responses for show #7375 - Friday, October 7, 2016

Contestants

Bryn Keating, an academic director from Brooklyn, New York

Nate Ross, a systems engineer from Los Angeles, California

Sarah Flamini, an author and administrative assistant from Pittsburgh, Pennsylvania (whose 1-day cash winnings total $21,800)

Jeopardy! Round responses

NO DISCRIMINATION
"RACE"
COLOR
RELIGION
JEN-DER
NATIONAL ORIGIN
(Alex: You need to name the present-day country where each person was born.)
    $200 30
(Sarah: What is Title IX?)

the Civil Rights Act

Sarah
Triple Stumper
    $200 6
embrace

Sarah
    $200 3
black & white

Nate
    $200 20
the Reformation

Bryn
    $200 15
(Jennifer) Garner

Nate
    $200 10
Argentinean

Nate
    $400 26
a covenant

Nate
    $400 1
the rat race

Sarah
    $400 7
orange

Nate
    $400 21
(Nate: What is Shia?)

Sunni

SarahNate
    $400 16
(Jennifer) Hudson

Bryn
    $400 11
Canada

Bryn
    $600 29
(Nate: What is the Massachusetts Colony?)
...
(Alex: The Calverts closely associated with [*].)

Maryland

Nate
Triple Stumper
    $600 2
arms race

Bryn
    $600 8
red, green & blue

Nate
    $600 22
(Sarah: What is Shinto?)

Buddhism

SarahNate
    $600 17
[Bryn gave both listed responses.]

J.Lo (Jennifer Lopez)

Bryn
    $600 12
Poland

Nate
    $1,500 28
ageism

Bryn
    $800 4
saving grace

Nate
    $800 9
(Nate: What is red?)
(Bryn: What is green?)
(Sarah: What is black?)

yellow (or gold)

SarahNateBryn
Triple Stumper
    $800 23
the creation of Adam

Bryn
    $800 18
Jennifer Jason Leigh

Nate
    $800 13
Chile

Nate
    $1000 27
the Universal Declaration of Human Rights

Bryn
    $1000 5
Thrace

Nate
    $1000 25
(Bryn: What is rose?)

the pinks

SarahBryn
    $1000 24
Vishnu

Bryn
    $1000 19
(Nate: Who is Gennifer Flowers?)

Jennifer Saunders

Nate
Triple Stumper
    $1000 14
Austria

Nate

Scores at the first commercial break (after clue 15):

Sarah Nate Bryn
-$200 $5,000 $200

Scores at the end of the Jeopardy! Round:

Sarah Nate Bryn
$400 $4,800 $4,700

Double Jeopardy! Round responses

BESSEMER MUCHO
BUSINESSPEOPLE
AFRICAN LAKES
LITERARY FACTS
COMPOUND WORDS
MUSIC FOR THE DENTIST'S CHAIR
    $400 16
steel

Sarah
    $400 6
(William) Wrigley

Bryn
    $400 26
Lake Victoria

Sarah
    $400 9
Sinbad

Nate
    $400 1
Butterball

Bryn
    $400 30
The Ramones

Bryn
    $800 17
Alabama

Sarah
    $800 7
(Richard) Branson

Bryn
    $800 27
the Atlas Mountains

Triple Stumper
    $800 11
Paradiso

Bryn
    $800 2
deadline

Bryn
    $800 21
Pink Floyd

Sarah
    $1200 18
pig iron

Sarah
    $1200 8
Avon

Sarah
    $1,000 25
Zambia & Zimbabwe

Nate
    $2,000 12
(Rudyard) Kipling

Bryn
    $1200 3
goodwill

Nate
    $1200 22
"Open Wide"

Sarah
    $1600 19
Pittsburgh

Sarah
    $1600 10
(Nate: Who is Fannie May?)

Mrs. Fields

SarahNate
    $1600 29
(Alex: Yes for you, but no for me because that wasn't the last clue.)

Ghana

Nate
    $1600 13
Tales of the South Pacific

Triple Stumper
    $1600 4
fishtailing

Nate
    $1600 23
Little Shop of Horrors

Nate
    $2000 20
(Sarah: What is coke?)

slag

Sarah
Triple Stumper
    $2000 15
(Bryn: Who is Iacocca?)

Roger Smith

Bryn
Triple Stumper
    $2000 28
(Alex: Now the last clue...)

Mount Kenya

Sarah
    $2000 14
Deerslayer

Nate
    $2000 5
steeplejack

Triple Stumper
    $2000 24
"All I Want For Christmas Is My Two Front Teeth"

Nate

Scores at the end of the Double Jeopardy! Round:

Sarah Nate Bryn
$9,600 $14,600 $8,300

[wagering suggestions for these scores]

Final Jeopardy! Round responses

TELEVISION
(Alex: [To Nate] The star, if you will, of Roots, written by Alex Haley.)
BrynWho is Alex Haley?
$2,500
SarahWho was John Paul Jones?
$9,595
NateWho is Kunta Kinte
$4,700
Kunta Kinte

Final scores:

Sarah Nate Bryn
$5 $19,300 $5,800
3rd place: $1,000 New champion: $19,300 2nd place: $2,000

Game dynamics:

Coryat scores:

Sarah Nate Bryn
$9,600 $14,800 $6,800
14 R,
4 W
21 R
(including 1 DD),
5 W
16 R
(including 2 DDs),
3 W

Combined Coryat: $31,200

The J! Archive is created by fans, for fans. The Jeopardy! game show and all elements thereof, including but not limited to copyright and trademark thereto, are the property of Jeopardy Productions, Inc. and are protected under law. This website is not affiliated with, sponsored by, or operated by Jeopardy Productions, Inc. Join the discussion at JBoard.tv.